[Event "CZE-ch U12 Girls"]
[Site "Kouty nad Desnou"]
[Date "2013.03.09"]
[Round "1"]
[White "Ambrozova, Lucie"]
[Black "Tumova, Anna"]
[Result "0-1"]
[WhiteElo "1422"]
[BlackElo "1483"]
[PlyCount "88"]
[EventDate "2013.03.09"]
[EventType "swiss"]
[EventRounds "9"]
[EventCountry "CZE"]
[SourceTitle "EXT 2015"]
[Source "ChessBase"]
[SourceDate "2014.11.20"]
[SourceVersion "1"]
[SourceVersionDate "2014.11.20"]
[SourceQuality "1"]

1. e4 e6 2. d4 d5 3. Nc3 Bb4 4. e5 c5 5. a3 Bxc3+ 6. bxc3 c4 7. Be2 Nc6 8. Nf3 Nge7 9. 0-0 0-0 10. Bg5 Qc7 11. Rb1 Ng6 12. Qc1 a6 13. Nh4 Nxh4 14. Bxh4 h6 15. Qe3 Ne7 16. Qg3 Nf5 17. Qg4 Nxh4 18. Qxh4 Qd8 19. Qg3 f6 20. f4 b5 21. Bg4 Qe8 22. Rfe1 f5 23. Be2 Bb7 24. a4 Bc6 25. a5 Qd8 26. Ra1 Rb8 27. Qf3 b4 28. cxb4 Rxb4 29. c3 Ra4 30. Kf2 Qxa5 31. Rxa4 Qxa4 32. Rb1 Qa5 33. Bxc4 dxc4 34. Qxc6 Qa2+ 35. Kg3 Qxb1 36. Qxe6+ Kh8 37. Qxc4 Qe1+ 38. Kf3 Qd1+ 39. Kg3 Qg4+ 40. Kf2 Qxf4+ 41. Kg1 Qe3+ 42. Kf1 Rb8 43. Qa2 Qxc3 44. e6 Rb2 0-1